Design and construction of sanitary and storm sewers /
Guardado en:
| Autores Corporativos: | , |
|---|---|
| Formato: | Libro |
| Idioma: | English |
| Publicado: |
[New York?],
c1969.
|
| Series: | ASCE manuals and reports on engineering practice ;
no. 37 Manual of practice ; no. 9. |
| Materias: | |
| Etiquetas: |
Agregar Etiqueta
Sin Etiquetas, Sea el primero en etiquetar este registro!
|
| LEADER | 01495cam a22003015a 4500 | ||
|---|---|---|---|
| 001 | EIQ.libpla003820 | ||
| 008 | 701209s1969####nyua#####b####001#0#eng#d | ||
| 005 | 20080325190528.0 | ||
| 245 | 1 | 0 | |a Design and construction of sanitary and storm sewers / |c Prepared by a joint committee of the American Society of Civil Engineers and the Water Pollution Control Federation. |
| 260 | |a [New York?], |c c1969. | ||
| 300 | |a 332, xv p. : |b il. ; |c 27 cm. | ||
| 440 | 0 | |a ASCE manuals and reports on engineering practice ; |v no. 37 | |
| 490 | 1 | |a WPCF manual of practice ; |v no. 9 | |
| 500 | |a "Revised ed. of the manual prepared in 1960 by the Joint Committee of the American Society of Civil Engineers and the Water Pollution Control Federation, and published under the same title". | ||
| 504 | |a Incluye referencias bibliográficas e índice. | ||
| 020 | |a 0943244099 | ||
| 710 | 2 | |a Joint Committee of the American Society of Civil Engineers and the Water Pollution Control Federation. | |
| 830 | 0 | |a Manual of practice ; |v no. 9. | |
| 246 | 3 | 8 | |a Sewer design and construction. |
| 082 | 0 | 0 | |a 628.1/68 s |a 628/.24 |2 19 |
| 650 | 4 | |a Procesos |x Tratamiento de aguas. | |
| 650 | 4 | |a Alcantarillado |x Diseño. | |
| 650 | 4 | |a Sewerage |x Design. | |
| 650 | 4 | |a Processes |x Water treatment. | |
| 010 | |a 77018513 | ||
| 040 | |a DLC |c DLC |d AR-BbSID | ||
| 110 | 2 | |a Joint Committee on Revision of Manual of Practice of Design and Construction of Sanitary and Storm Sewers. | |
| 859 | |a AR-BbSID |b BIB. PLAPIQUI |h 628.168 |i J 667 |p 2804 | ||
